000
002850000a22000970004500
100
1
_a
Hamilton, Tim
245
1
0
_a
Tall oder : Clare Short has put international development at the heart of british politics
300
_a
Num. 79 (1997), Páginas 12-14
773
0
_t
Teartimes
942
_c
ANA
999
_c
55829
_d
55829